El agua en disputa : gestionando el riego en territorios rurales semiáridos de Chile y Bolivia /

Durante las últimas décadas, en amplios sectores de América Latina, la escasez hídrica se ha acentuado generando desafíos importantes para el riego agrícola y -en términos más amplios- para los diversos proyectos estatales de la región, pues la gestión del agua emerge como un campo político que foca...

Descripción completa

Detalles Bibliográficos
Autor principal: Jiménez Rodríguez, Elizabeth
Formato: Analitica de revista
Lenguaje:inglés
Publicado: Santiago, Chile Arcis 2011
Acceso en línea:

MARC

LEADER 00000cab a2200000 a 4500
001 024659
003 UAHC_CL
005 20170816134305.0
008 120306b2006 xx j 000 1 eng
952 |0 0  |1 0  |4 0  |6 AMERICA_LATINA11_11_000000000000000  |7 0  |8 General  |9 49231  |a BC  |b BC  |c General  |d 2017-08-03  |l 0  |o AMERICA LATINA-11/11  |p FICTICIO266  |r 2019-01-08 00:00:00  |t 1  |w 2017-08-03  |y REVA 
999 |c 24659  |d 24659 
022 |a 07177097 
040 |a UAHC_CL  |c UAHC_CL  |d UAHC_CL 
100 1 |a Jiménez Rodríguez, Elizabeth 
245 1 3 |a El agua en disputa :  |b gestionando el riego en territorios rurales semiáridos de Chile y Bolivia /  |c Elizabeth Jiménez Rodríguez. 
260 |b Arcis  |a Santiago, Chile  |c 2011 
300 |a p. 173-224 
500 |a En: América Latina, n˚11, 2011. ISBN 07177097. p. 173-224. 
520 |a Durante las últimas décadas, en amplios sectores de América Latina, la escasez hídrica se ha acentuado generando desafíos importantes para el riego agrícola y -en términos más amplios- para los diversos proyectos estatales de la región, pues la gestión del agua emerge como un campo político que focaliza las conflictividades y relaciones de fuerza de cada sociedad. A partir de esta problemática, el trabajo tiene el objetivo de analizar la gestión del riego en territorios rurales semiáridos de la Región de Coquimbo en Chile y el Departamento de Cochabamba en Bolivia, tomando como eje de discusión las relaciones entre Estado, mercado y sociedad civil. 
773 0 |t América Latina : revista del doctorado en procesos sociales y políticos en América Latina  |w 024597 
900 |a AMERICA LATINA-11/11 
942 |c REVA  |2 ddc